000 01289nam a22002177a 4500
005 20250917154307.0
010 _aB-777050-7063 25BACHN25
020 _c695.00
_a9789388647175
035 _aB-777050-7063
037 _bइंशा पब्लिकेशन
082 _21
_a791.420
100 _aमनीषा
_985113
245 _aहिंदी सिनेमा में अभिव्यक्त दलित यथार्थ/
_cमनीषा
250 _a1
260 _aदिल्ली
_bइंशा पब्लिकेशन
_c2023
270 _a3502/2 नारंग कॉलोनी, त्री नगर,
_bदिल्ली
_e110035
300 _a174पृ.
_c22सेमी(साजिल्द)
500 _aसाहित्यिक कृतियों पर आधारित फिल्मो के विशेष संदर्भ
942 _2ddc
_cHN
_mमनीषा
_h791.420
999 _c210066
_d210066